Commentary on the Constitution of India/ (Record no. 192590)

MARC details
000 -LEADER
fixed length control field 00592nam a22001817a 4500
005 - DATE AND TIME OF LATEST TRANSACTION
control field 20231115161536.0
010 ## - LCCN (DPL NO)
LC control number ENG-135212
020 ## - INTERNATIONAL STANDARD BOOK NUMBER
Terms of availability 1000.00
International Standard Book Number 978-93-8651-565-0
035 ## - SYSTEM CONTROL NUMBER
System control number EN-118744
037 ## - SOURCE OF ACQUISITION
Source of stock number/acquisition DBAD/PUB
082 ## - DEWEY DECIMAL CLASSIFICATION NUMBER
Edition number 342.54
100 ## - MAIN ENTRY--PERSONAL NAME
Personal name Basu, Durga Das
245 ## - TITLE STATEMENT
Title Commentary on the Constitution of India/
Statement of responsibility, etc By Durga Das Basu
260 ## - PUBLICATION, DISTRIBUTION, ETC. (IMPRINT)
Place of publication, distribution, etc Haryana
Name of publisher, distributor, etc Lexis Nexis
Date of publication, distribution, etc 2018
270 ## - ADDRESS
City Haryana
Address 14th Floor, Building No.10, Tower-B, DLF Cyber City, Phase-II, Gurgaon
Postal code 122002
300 ## - PHYSICAL DESCRIPTION
Extent 13552p.
Dimensions 22cm(hbk)
Other physical details Index
942 ## - ADDED ENTRY ELEMENTS (KOHA)
Source of classification or shelving scheme Dewey Decimal Classification
Item type English Books
Classification part 342.54
Call number suffix DUR
Holdings
Withdrawn status Lost status Not for loan Collection code Home library Current library Date acquired Source of acquisition Cost, normal purchase price Full call number Barcode Copy number Cost, replacement price Koha item type
    Not For Loan Reference Bawana Bawana 27/09/2022 DBAD/PUB 1000.00 342.54 DUR EN-118744 1 1000.00 English Books

© Delhi Public Library
Hit Counter
free hit counter